000 00318nam a22001457a 4500
008 210224b ||||| |||| 00| 0 eng d
020 _a0201082594
041 _aeng
080 _22nd
_a004
082 _a004
100 _a28
101 _aSHK
245 _aArtificial Intelligence
_cWinston, P, H
942 _2udc
_cBK
999 _c55132
_d55132